| 000 | 00766nam a2200253 i 4500 | ||
|---|---|---|---|
| 001 | 121236 | ||
| 003 | ES-MaACL | ||
| 005 | 20230906191721.0 | ||
| 007 | t| | ||
| 008 | 070214s1968 fr r ||||1| fre d | ||
| 080 | _a323.32 | ||
| 100 | 1 |
_aPonteil, Félix. _993055 |
|
| 245 | 1 | 4 |
_aLes classes bourgeoises et l'avenèment de la démocratie : _b1815-1914 / _cFélix Ponteil. |
| 260 |
_aParis : _bAlbin Michel, _c1968. |
||
| 300 |
_a573 p. ; _c18 cm. |
||
| 490 | 1 |
_aL'evolution de l'humanité ; _v4 |
|
| 650 | 4 |
_aBurguesía. _910645 |
|
| 650 | 4 |
_aDemocracia- _yS.XIX. _9145091 |
|
| 650 | 4 |
_aDemocracia- _yS.XX. _911573 |
|
| 830 | 1 |
_aL'evolution de l'humanité ; _v4 _9181507 |
|
| 852 | 4 |
_aES-MaACL _jE-5450 |
|
| 852 | 4 |
_aES-MaACL _jE-5696 |
|
| 999 |
_c121236 _d121236 |
||